[Event "Campeonato del Mundo sub-20 2010"]
[Site "Chotowa POL"]
[Date "2010.08.15"]
[Round "12.45"]
[White "Swiech, Przemyslaw"]
[Black "Akkozov, Berik"]
[Result "0-1"]
[WhiteElo "2166"]
[BlackElo "2328"]
[PlyCount "27"]
[EventDate "2010.08.03"]
[EventType "swiss"]
[EventRounds "13"]
[EventCountry "POL"]
[Source "lmi"]
[SourceDate "2010.08.03"]

1. d4 d5 2. c4 c6 3. Nc3 Nf6 4. Nf3 a6 5. cxd5 cxd5 6. g3 Nc6 7. Bg2 Bf5 8. O-O
e6 9. Ne5 Rc8 10. Qb3 b5 11. Nxc6 Rxc6 12. Bg5 Be7 13. Rac1 Rc8 14. a4 0-1

[Event "Campeonato del Mundo sub-20 2010"]
[Site "Chotowa POL"]
[Date "2010.08.15"]
[Round "12.46"]
[White "Lewicki, Miroslaw"]
[Black "Kriebel, Tadeas"]
[Result "1/2-1/2"]
[WhiteElo "2149"]
[BlackElo "2320"]
[PlyCount "92"]
[EventDate "2010.08.03"]
[EventType "swiss"]
[EventRounds "13"]
[EventCountry "POL"]
[Source "lmi"]
[SourceDate "2010.08.03"]

1. e4 e5 2. Nf3 Nc6 3. Bc4 Bc5 4. O-O Nf6 5. d3 d6 6. c3 Bg4 7. Nbd2 O-O 8. b4
Bb6 9. a4 a5 10. b5 Ne7 11. h3 Bh5 12. Qc2 Re8 13. Bb3 Qd7 14. g4 Bg6 15. Kg2
h6 16. Kh2 Bh7 17. Nh4 d5 18. Nf5 Bxf5 19. gxf5 Rad8 20. Nf3 Nxf5 21. exf5 Qxf5
22. Ng1 c6 23. Qe2 d4 24. cxd4 Bxd4 25. Ra2 e4 26. dxe4 Rxe4 27. Qf3 Qe5+ 28.
Qg3 cxb5 29. f4 Qe7 30. axb5 Be3 31. Rg2 Ne8 32. Bc2 Bxg1+ 33. Rfxg1 Re2 34.
Bb2 Rdd2 35. Ba3 Rxg2+ 36. Rxg2 Rxg2+ 37. Kxg2 Qe2+ 38. Qf2 Qc4 39. Bb2 Nf6 40.
Qd2 Nd5 41. Kg3 h5 42. h4 Qf1 43. Be4 Qg1+ 44. Bg2 Ne3 45. Kf3 Nf5 46. Qd8+ Kh7
1/2-1/2

[Event "Campeonato del Mundo sub-20 2010"]
[Site "Chotowa POL"]
[Date "2010.08.15"]
[Round "12.47"]
[White "Botta, Gabriele"]
[Black "Roos, Adrian"]
[Result "1/2-1/2"]
[WhiteElo "2302"]
[BlackElo "2097"]
[PlyCount "34"]
[EventDate "2010.08.03"]
[EventType "swiss"]
[EventRounds "13"]
[EventCountry "POL"]
[Source "lmi"]
[SourceDate "2010.08.03"]

1. e4 c5 2. Nf3 d6 3. c3 Nf6 4. h3 Nc6 5. Bd3 d5 6. e5 Nd7 7. Bb5 Qb6 8. Ba4 c4
9. d4 cxd3 10. O-O e6 11. Qxd3 Nc5 12. Qd1 Nxa4 13. Qxa4 Bd7 14. Qg4 Qb5 15. b3
Qd3 16. Ba3 Qe4 17. Qg3 h6 1/2-1/2

[Event "Campeonato del Mundo sub-20 2010"]
[Site "Chotowa POL"]
[Date "2010.08.15"]
[Round "12.48"]
[White "Larmuseau, Michiel"]
[Black "Barski, Radoslaw"]
[Result "0-1"]
[WhiteElo "2068"]
[BlackElo "2290"]
[PlyCount "116"]
[EventDate "2010.08.03"]
[EventType "swiss"]
[EventRounds "13"]
[EventCountry "POL"]
[Source "lmi"]
[SourceDate "2010.08.03"]

1. e4 c5 2. Nc3 Nc6 3. Bb5 Nd4 4. Bc4 e6 5. Nge2 Nf6 6. O-O a6 7. d3 b5 8. Bb3
Nxb3 9. axb3 b4 10. Nb1 d5 11. e5 Nd7 12. f4 f6 13. Re1 Be7 14. Ng3 O-O 15. Nd2
f5 16. Nf3 d4 17. Nd2 Nb6 18. Nc4 Nxc4 19. dxc4 Bb7 20. Nf1 Qd7 21. Qd3 Be4 22.
Rxe4 fxe4 23. Qxe4 d3 24. Be3 dxc2 25. Qxc2 Rfd8 26. Nd2 a5 27. Kf2 Qc6 28. Ne4
a4 29. bxa4 b3 30. Qb1 Rxa4 31. Rxa4 Qxa4 32. Nd2 Qb4 33. Ke2 Qb7 34. Kf1 Ra8
35. Qd3 Ra1+ 36. Kf2 Bh4+ 37. g3 Be7 38. Ne4 Ra2 39. Bc1 Ra8 40. Qf3 Rb8 41.
Be3 Qb4 42. Nd2 Qa4 43. Qe2 Qa1 44. Nf3 Rd8 45. Ne1 Qb1 46. Kg2 Qe4+ 47. Kf1 g5
48. Bg1 Qf5 49. Qe3 gxf4 50. gxf4 Bh4 51. Bf2 Bxf2 52. Kxf2 Rd4 53. Qxb3 Rxf4+
54. Nf3 Qh3 55. Qb7 Qxh2+ 56. Ke3 Qh6 57. Ke2 Rf8 58. Qe4 Qg6 0-1

[Event "Campeonato del Mundo sub-20 2010"]
[Site "Chotowa POL"]
[Date "2010.08.15"]
[Round "12.49"]
[White "Smola, Michal"]
[Black "Sreeves, Clement"]
[Result "0-1"]
[WhiteElo "2220"]
[BlackElo "2085"]
[PlyCount "66"]
[EventDate "2010.08.03"]
[EventType "swiss"]
[EventRounds "13"]
[EventCountry "POL"]
[Source "lmi"]
[SourceDate "2010.08.03"]

1. e4 c5 2. Nc3 Nc6 3. Nf3 g6 4. d4 cxd4 5. Nxd4 Bg7 6. Be3 Nf6 7. Be2 O-O 8.
f3 d5 9. Nxc6 bxc6 10. e5 Nd7 11. f4 e6 12. O-O Qa5 13. a3 c5 14. Bf2 Rb8 15.
Rb1 f6 16. Nxd5 exd5 17. Qxd5+ Kh8 18. e6 Nb6 19. Qd6 Bb7 20. e7 Rfe8 21. Rfd1
Rbc8 22. b4 cxb4 23. Rxb4 Bc6 24. c4 Qxa3 25. Bd4 a5 26. Bxb6 Qxb4 27. Bc5 Qb2
28. Rd2 Qb1+ 29. Rd1 Qb7 30. Rd2 Qc7 31. Qe6 Bd7 32. Rxd7 Qxc5+ 33. Kh1 Rb8 0-1

[Event "Campeonato del Mundo sub-20 2010"]
[Site "Chotowa POL"]
[Date "2010.08.15"]
[Round "12.50"]
[White "Pecha, Tomas"]
[Black "Kaleta, Blazej"]
[Result "0-1"]
[WhiteElo "2187"]
[BlackElo "1944"]
[PlyCount "56"]
[EventDate "2010.08.03"]
[EventType "swiss"]
[EventRounds "13"]
[EventCountry "POL"]
[Source "lmi"]
[SourceDate "2010.08.03"]

1. Nf3 d5 2. c4 c6 3. e3 Nf6 4. Nc3 e6 5. b3 Nbd7 6. Qc2 Bd6 7. Bb2 Qe7 8. a3
O-O 9. Be2 a6 10. Ng5 h6 11. h4 Re8 12. Bh5 hxg5 13. hxg5 Nxh5 14. Rxh5 f5 15.
f4 Nf8 16. d4 c5 17. O-O-O cxd4 18. Rxd4 Bc5 19. Rd1 dxc4 20. Rf1 Bxa3 21. Rh8+
Kf7 22. Nb1 Bxb2+ 23. Qxb2 b6 24. Nd2 Bb7 25. Nxc4 Rec8 26. Qc3 Rxc4 27. Qxc4
Rc8 28. g6+ Kxg6 0-1

[Event "Campeonato del Mundo sub-20 2010"]
[Site "Chotowa POL"]
[Date "2010.08.15"]
[Round "12.51"]
[White "Lewtak, Damian"]
[Black "Tran, Ngoc Lan"]
[Result "1/2-1/2"]
[WhiteElo "2008"]
[BlackElo "2218"]
[PlyCount "109"]
[EventDate "2010.08.03"]
[EventType "swiss"]
[EventRounds "13"]
[EventCountry "POL"]
[Source "lmi"]
[SourceDate "2010.08.03"]

1. e4 e5 2. Nf3 Nc6 3. Bc4 Nf6 4. d3 Be7 5. O-O d6 6. c3 Na5 7. Bb5+ c6 8. Ba4
b5 9. Bc2 O-O 10. Nbd2 c5 11. Re1 b4 12. Nf1 bxc3 13. bxc3 Rb8 14. Ne3 Qc7 15.
h3 h6 16. Qe2 Be6 17. d4 cxd4 18. cxd4 Rfc8 19. d5 Bd7 20. Rb1 Rxb1 21. Bxb1
Qxc1 22. Rxc1 Rxc1+ 23. Kh2 Rxb1 24. Qa6 Nb7 25. Nd2 Nc5 26. Qxa7 Rb4 27. f3 g6
28. Nb3 Kg7 29. Nxc5 dxc5 30. Qc7 Bf8 31. Qxe5 Rd4 32. h4 h5 33. a3 Rd3 34. Nc4
Bb5 35. Nb6 c4 36. a4 Bc5 37. axb5 Bxb6 38. Qd6 Bf2 39. b6 Rb3 40. b7 Rxb7 41.
e5 Bxh4 42. exf6+ Bxf6 43. Qc6 Be5+ 44. g3 Rc7 45. Qe8 Bf6 46. d6 Ra7 47. d7
Ra2+ 48. Kh3 Rd2 49. Qc8 c3 50. f4 Rd3 51. Kg2 g5 52. fxg5 Bxg5 53. Qc5 Kg6 54.
Qb6+ Kg7 55. Qc5 1/2-1/2

[Event "Campeonato del Mundo sub-20 2010"]
[Site "Chotowa POL"]
[Date "2010.08.15"]
[Round "12.52"]
[White "Casanova, Fernando Ricardo So"]
[Black "Green, Andrew D"]
[Result "0-1"]
[WhiteElo "2074"]
[BlackElo "2172"]
[PlyCount "42"]
[EventDate "2010.08.03"]
[EventType "swiss"]
[EventRounds "13"]
[EventCountry "POL"]
[Source "lmi"]
[SourceDate "2010.08.03"]

1. c4 c5 2. Nc3 g6 3. g3 Bg7 4. Bg2 Nc6 5. d3 d6 6. e3 e5 7. Nge2 Nge7 8. O-O
O-O 9. a3 Rb8 10. Rb1 a5 11. f4 Be6 12. Qa4 Qd7 13. Nd5 b5 14. Qc2 b4 15. e4
Bg4 16. fxe5 Bxe2 17. Qxe2 Nxd5 18. cxd5 Nd4 19. Qf2 bxa3 20. exd6 a2 21. Ra1
Nb3 0-1

[Event "Campeonato del Mundo sub-20 2010"]
[Site "Chotowa POL"]
[Date "2010.08.15"]
[Round "12.53"]
[White "Guo-yuthok, Sherab"]
[Black "Herman, Jean"]
[Result "0-1"]
[WhiteElo "1975"]
[BlackElo "2094"]
[PlyCount "70"]
[EventDate "2010.08.03"]
[EventType "swiss"]
[EventRounds "13"]
[EventCountry "POL"]
[Source "lmi"]
[SourceDate "2010.08.03"]

1. e4 c5 2. Nc3 a6 3. f4 b5 4. Nf3 Bb7 5. Qe2 Nc6 6. d3 e6 7. g3 Nf6 8. Nd1 d5
9. e5 Nd7 10. Bg2 Be7 11. c3 O-O 12. O-O a5 13. Nf2 b4 14. Ng4 a4 15. Bd2 a3
16. b3 bxc3 17. Bxc3 Nb4 18. Rfc1 Qb6 19. Nf2 Ba6 20. Qd2 Rac8 21. Bh3 Bb7 22.
Qe2 d4 23. Bd2 Bd5 24. Ne4 Qb7 25. f5 Nxd3 26. Nfg5 Bxe4 27. Nxe4 Nxc1 28. Rxc1
Qd5 29. f6 gxf6 30. Bh6 Nxe5 31. Rf1 d3 32. Qg2 f5 33. Bxf5 Qd4+ 34. Kh1 exf5
35. Rxf5 Ng6 0-1

[Event "Campeonato del Mundo sub-20 2010"]
[Site "Chotowa POL"]
[Date "2010.08.15"]
[Round "12.54"]
[White "Janus, Przemyslaw"]
[Black "Parol, Pawel"]
[Result "0-1"]
[WhiteElo "2085"]
[BlackElo "1764"]
[PlyCount "72"]
[EventDate "2010.08.03"]
[EventType "swiss"]
[EventRounds "13"]
[EventCountry "POL"]
[Source "lmi"]
[SourceDate "2010.08.03"]

1. d4 d5 2. c4 c6 3. Nf3 Nf6 4. Qc2 dxc4 5. Qxc4 Bf5 6. g3 e6 7. Bg2 Be7 8. O-O
Nbd7 9. Nc3 O-O 10. Qb3 Qb6 11. Qxb6 Nxb6 12. Bg5 h6 13. Bxf6 Bxf6 14. Rac1
Rfd8 15. e3 Rac8 16. a3 Nc4 17. Nd1 b5 18. a4 Be4 19. Re1 Bxf3 20. Bxf3 e5 21.
axb5 cxb5 22. Bg4 Rb8 23. dxe5 Nxe5 24. Be2 Nd3 25. Bxd3 Rxd3 26. Kf1 a5 27.
Re2 b4 28. Rec2 Rbd8 29. Ke1 b3 30. Rc5 Be7 31. R5c4 Bb4+ 32. Nc3 Rd2 33. Rb1
Rc2 34. Rd1 Rxd1+ 35. Kxd1 Rxb2 36. Na4 Ra2 0-1

[Event "Campeonato del Mundo sub-20 2010"]
[Site "Chotowa POL"]
[Date "2010.08.15"]
[Round "12.55"]
[White "Pierard, Florian"]
[Black "Lis, Marek"]
[Result "0-1"]
[WhiteElo "2081"]
[BlackElo "2072"]
[PlyCount "80"]
[EventDate "2010.08.03"]
[EventType "swiss"]
[EventRounds "13"]
[EventCountry "POL"]
[Source "lmi"]
[SourceDate "2010.08.03"]

1. e4 c5 2. Nc3 a6 3. g3 b5 4. Bg2 Bb7 5. d3 b4 6. Nce2 e6 7. Nf3 Nf6 8. O-O d5
9. exd5 Nxd5 10. b3 Be7 11. Bb2 O-O 12. Nd2 Nc6 13. Nc4 Rb8 14. Qd2 Bf6 15.
Bxf6 Qxf6 16. a3 a5 17. axb4 axb4 18. Nd6 Ba8 19. Ra6 Ne5 20. f4 Ng4 21. Rfa1
Nge3 22. Bh1 Qe7 23. Nc4 Nxc4 24. dxc4 Nc7 25. Rd6 Bxh1 26. Kxh1 Nd5 27. Rc6
Nf6 28. Kg1 Rbc8 29. Rxc8 Rxc8 30. Rd1 h6 31. Nc1 Ra8 32. Nd3 Ra2 33. Qe3 Rxc2
34. Nxc5 g6 35. Qd4 Qa7 36. Nxe6 Qb7 37. Qd8+ Kh7 38. Rd5 fxe6 39. Qxf6 exd5
40. f5 Qa7+ 0-1

[Event "Campeonato del Mundo sub-20 2010"]
[Site "Chotowa POL"]
[Date "2010.08.15"]
[Round "12.57"]
[White "Podolsky, Anton"]
[Black "Drnovsek, Nejc"]
[Result "1-0"]
[WhiteElo "2190"]
[BlackElo "2173"]
[PlyCount "49"]
[EventDate "2010.08.03"]
[EventType "swiss"]
[EventRounds "13"]
[EventCountry "POL"]
[Source "lmi"]
[SourceDate "2010.08.03"]

1. e4 e5 2. Nf3 Nc6 3. Bb5 a6 4. Bxc6 dxc6 5. O-O Bg4 6. h3 h5 7. d3 Qf6 8.
Nbd2 Ne7 9. Re1 Ng6 10. d4 Bd6 11. Qe2 Nf4 12. Qe3 Bxh3 13. dxe5 Qg6 14. Nh4
Qg4 15. g3 Be7 16. Qxf4 Qxf4 17. gxf4 Bxh4 18. f5 O-O-O 19. Nf3 Be7 20. Ng5
Bxg5 21. Bxg5 Rd4 22. f3 g6 23. Kh2 Bg4 24. Bf6 Rh7 25. Rad1 1-0

[Event "Campeonato del Mundo sub-20 2010"]
[Site "Chotowa POL"]
[Date "2010.08.15"]
[Round "12.58"]
[White "Bryan-vissi, Mark"]
[Black "Gator, Mosab"]
[Result "0-1"]
[WhiteElo "1847"]
[BlackElo "2121"]
[PlyCount "47"]
[EventDate "2010.08.03"]
[EventType "swiss"]
[EventRounds "13"]
[EventCountry "POL"]
[Source "lmi"]
[SourceDate "2010.08.03"]

1. e4 c5 2. c3 e5 3. d4 cxd4 4. cxd4 exd4 5. Qxd4 Nc6 6. Qd2 Nf6 7. Bd3 d5 8.
Qe2 dxe4 9. Bxe4 Nxe4 10. Qxe4+ Be6 11. Nf3 Be7 12. Bd2 Bf6 13. Bc3 O-O 14. O-O
Re8 15. Qc2 Rc8 16. Qd1 Qe7 17. Bxf6 Qxf6 18. Nc3 Bg4 19. h3 Bh5 20. Qd5 Bxf3
21. Qxf3 Qxf3 22. gxf3 Ne5 23. Nb5 Nxf3+ 24. Kg2 0-1

[Event "Campeonato del Mundo sub-20 2010"]
[Site "Chotowa POL"]
[Date "2010.08.15"]
[Round "12.60"]
[White "Zecevic, Ivan"]
[Black "Jasiak, Filip"]
[Result "1/2-1/2"]
[WhiteElo "1995"]
[BlackElo "1757"]
[PlyCount "64"]
[EventDate "2010.08.03"]
[EventType "swiss"]
[EventRounds "13"]
[EventCountry "POL"]
[Source "lmi"]
[SourceDate "2010.08.03"]

1. e4 c5 2. Nf3 d6 3. d4 cxd4 4. Qxd4 Nc6 5. Bb5 Bd7 6. Bxc6 bxc6 7. c4 Qb6 8.
Qd3 g6 9. Nc3 Bg7 10. O-O Nf6 11. b3 O-O 12. h3 Qc7 13. Bb2 Rad8 14. Rad1 Bc8
15. Nd4 Nd7 16. Kh1 Nc5 17. Qe3 Ne6 18. Nce2 Nxd4 19. Bxd4 Bxd4 20. Nxd4 e5 21.
Ne2 f5 22. exf5 Rxf5 23. Nc3 Qb6 24. c5 Qb4 25. Rxd6 Rxd6 26. cxd6 Qxd6 27.
Qxa7 Qd3 28. Rc1 Qd2 29. Qe3 Rxf2 30. Qxd2 Rxd2 31. Rd1 Rxd1+ 32. Nxd1 Kf7
1/2-1/2